Pays avec le plus de jours fériés - Statistiques

Statistiques générales
  • Ce quiz a été pris 87 fois
  • Le résultat moyen est 8 sur 15
Statistiques - réponses
Classement Pays % Correct
11 ESPAGNE
86%
9 ITALIE
82%
4 JAPON
82%
15 BRESIL
76%
14 PORTUGAL
72%
2 INDE
60%
10 GRECE
58%
1 ARGENTINE
57%
13 POLOGNE
50%
3 COLOMBIE
46%
12 AUTRICHE
39%
8 MALTE
32%
6 SLOVAQUIE
28%
5 CHYPRE
25%
7 PHILIPPINES
13%
Aucun quiz correspondant
Distribution des résultats
% des personnes avec chaque résultat
Percentile par nombre de réponses
Votre historique - résultats
Vous n’avez pas pris ce quiz